000 00786nas a2200241 4500
001 BR0705371
003 BR-BrBNA
005 20231205110947.0
007 ta
008 230509b bl.|||p| |||| 00| 00por d
040 _aBR-BrBNA
_bpor
_cBiblioteca Nacional de Agricultura
041 _a(Pt)
072 _aP10
100 1 _aCarvalho, F. de
245 1 _aIndução de estruturações esféricas ou similares durante a cristalização da água por processos físicos ou químicos
650 _aÁGUA
650 _aCRISTALIZAÇÃO
650 _aCRIOPRESERVAÇÃO
650 _aANÁLISE QUÍMICA
773 0 _tCiência e Agrotecnologia (Brazil)
_xISSN 1413-7054
_g(May-Jun 2007), v. 31(3) p. 814-820
_wBR0705371
909 _a202311
_bLúcia
_c55
_dLúcia Elande
942 _2AGRIS
_n0
_cANA
999 _c189954
_d189954